000
00312nam a2200121Ia 4500
008
190216s9999||||xx |||||||||||||| ||und||
100
_a
Balaguruswamy.E
245
0
_a
Computer Oriented Sttistical And Numerical Methods
260
_b
Macmillan India Ltd
_c
1992
300
_a
250p
650
_a
Computer
942
_c
BK
999
_c
8434
_d
8434